Полное собрание произведений: В 2 т.; Т.1; Произведения 1926-1937

Detalles Bibliográficos
Autor Principal: Введенский А. И. Александр Иванович
Outros autores: Мейлах М. (автор предисловия)
Idioma:ruso
Publicado: Москва, Гилея, 1993
Subjects:
Formato: MixedMaterials Libro
KOHA link:https://koha.lib.tpu.ru/cgi-bin/koha/opac-detail.pl?biblionumber=134538

MARC

LEADER 00000nam0a2200000 4500
001 134538
005 20231101220509.0
010 |a 5853020137 
010 |a 5-85302-014-5 
020 |a RU  |b 93-6615 
035 |a (RuTPU)RU\TPU\book\145839 
090 |a 134538 
100 |a 20080401g1993 m y0rusy5003 ca 
101 0 |a rus 
102 |a RU 
105 |a a z 000ay 
200 1 |a Полное собрание произведений  |e В 2 т.  |h Т.1  |i Произведения 1926-1937  |f А. И. Введенский  |g авт. предисл. и прмеч. М. Мейлах 
210 |a Москва  |c Гилея  |d 1993 
215 |d 21 см  |a 285 с.  |c ил. 
610 1 |a советская литература 
610 1 |a стихотворения 
610 1 |a поэмы 
675 |a Р2  |z rus 
700 1 |a Введенский  |b А. И.  |c русский поэт  |f 1904-1941  |g Александр Иванович  |2 stltpush  |3 (RuTPU)RU\TPU\pers\16862  |9 6087 
702 1 |a Мейлах   |b М.  |4 080 
801 0 |a RU  |b RuMRKP  |c 19950413  |g psbo 
801 1 |a RU  |b 63413507  |c 20080401  |g PSBO 
801 2 |a RU  |b 63413507  |c 20080401  |g PSBO 
942 |c BK